| 000 | 00695nac a22001931u 4500 | ||
|---|---|---|---|
| 008 | 090203t1997xxu||||| |||| 00| 0 eng d | ||
| 020 | _a0312137257 (alk. paper) | ||
| 082 |
_a327.1 _bKEG |
||
| 100 |
_aKegley, Charles W. _911140 |
||
| 245 | 1 | 0 |
_aWorld Politics : _bTrends and Transformation / _cCharles W. Kegley, Jr., Eugene R. Wittkopf. |
| 250 | _a6th ed. | ||
| 260 |
_aNewYork : _bST. Martin's press, _cc1997. |
||
| 300 |
_axxv, Various p. ; _bill.col. map ; _c24 cm. |
||
| 504 | _aIncludes bibliographical references and index. | ||
| 650 |
_aInternational relations _911142 |
||
| 650 |
_911141 _aWorld politics |
||
| 700 | 1 |
_aWittkopf, Eugene R. _911143 |
|
| 942 |
_cBB _k327.1KEG _2ddc |
||
| 999 |
_c13324 _d13324 |
||